00883nam a2200181 a 450000100100000000500170001000800410002704000250006811000740009324000180016724500750018526000680026030000200032895201200034895201050046895201110057399900170068400003799620250211094044.0130311s2008 dr 000 0 spa d aDO-SdBNPbspacBNPHU1 aRepública Dominicana. Consejo Nacional de Reforma del Estado964396 0a[Leyes, Etc.]10aPropuesta de modificación a la ley 659 sobre actos del estado civil. aSanto Domingo :bConsejo Nacional de Reforma del Estado,c2008. a44 p. ;c24 cm. 001054708DSaGRbGRcCTd2013-03-11iLF1l0o p37996-30r2020-06-25te. 3w2020-06-25yLFDSZPréstamo en sala 0010718PDaPDbPDcCTd2013-03-11iLF1l0o p37996-10r2020-06-25w2020-06-25yLFPDZNo se presta 0010718PDaPDbPDcCTd2013-03-11iLF1l0o p37996-20r2020-06-25te. 2w2020-06-25yLFPDZNo se presta c37486d37486